| 000 | 00423nam a22001817a 4500 | ||
|---|---|---|---|
| 003 | MPLRDC | ||
| 005 | 20220104123602.0 | ||
| 008 | 210129b ||||| |||| 00| 0 eng d | ||
| 020 | _a7-5063-0714-6 | ||
| 082 | _a782.886 LJC | ||
| 100 | _a夏萍 | ||
| 245 |
_a李嘉诚传 _c |
||
| 250 | _a一版一刷 | ||
| 260 |
_a _b作家出版社 _c1993 |
||
| 300 | _b平 | ||
| 650 | _a李嘉诚传记 | ||
| 942 |
_cBK _o782.886 LJC |
||
| 999 |
_c12584 _d12574 |
||